<?xml version="1.0" encoding="UTF-8"?>
<record
    xmlns:xsi="http://www.w3.org/2001/XMLSchema-instance"
    xsi:schemaLocation="http://www.loc.gov/MARC21/slim http://www.loc.gov/standards/marcxml/schema/MARC21slim.xsd"
    xmlns="http://www.loc.gov/MARC21/slim">

  <leader>00812nam a2200193 i 4500</leader>
  <controlfield tag="001">51459</controlfield>
  <controlfield tag="003">ES-MaACL</controlfield>
  <controlfield tag="005">20230906162352.0</controlfield>
  <controlfield tag="007">t|</controlfield>
  <controlfield tag="008">030813s1964    sp           ||||1| spa d</controlfield>
  <datafield tag="100" ind1="1" ind2=" ">
    <subfield code="a">Chastel, Andr&#xE9;.</subfield>
    <subfield code="9">38168</subfield>
  </datafield>
  <datafield tag="245" ind1="1" ind2="3">
    <subfield code="a">El humanismo / </subfield>
    <subfield code="c">Andr&#xE9; Chastel, Rober Clein ; publicado bajo los auspicios del Consejo de Cooperaci&#xF3;n Cultural con motivo de la I Exposici&#xF3;n de Cooperaci&#xF3;n Cultural organizada en 1954 en Bruxelas por el Gobierno Belga.</subfield>
  </datafield>
  <datafield tag="260" ind1=" " ind2=" ">
    <subfield code="a">Barcelona : </subfield>
    <subfield code="b">Salvat, </subfield>
    <subfield code="c">[1964]</subfield>
  </datafield>
  <datafield tag="300" ind1=" " ind2=" ">
    <subfield code="a">340 p., 104 l&#xE1;m. ; </subfield>
    <subfield code="c">35 cm.</subfield>
  </datafield>
  <datafield tag="700" ind1="1" ind2=" ">
    <subfield code="a">Clein, Robert.</subfield>
    <subfield code="9">39167</subfield>
  </datafield>
  <datafield tag="710" ind1="2" ind2=" ">
    <subfield code="a">Consejo de Europa. </subfield>
    <subfield code="b">Consejo de Cooperaci&#xF3;n Cultural.</subfield>
    <subfield code="9">3187</subfield>
  </datafield>
  <datafield tag="711" ind1="2" ind2=" ">
    <subfield code="a">Exposici&#xF3;n de Arte del Consejo de Europa (</subfield>
    <subfield code="n">1&#xBA;. </subfield>
    <subfield code="d">1954. </subfield>
    <subfield code="c">Bruselas)</subfield>
    <subfield code="9">668</subfield>
  </datafield>
  <datafield tag="852" ind1=" " ind2=" ">
    <subfield code="a">ES-MaACL</subfield>
    <subfield code="j">C-26817 </subfield>
    <subfield code="b">R.55533</subfield>
  </datafield>
  <datafield tag="999" ind1=" " ind2=" ">
    <subfield code="c">51459</subfield>
    <subfield code="d">51459</subfield>
  </datafield>
  <datafield tag="952" ind1=" " ind2=" ">
    <subfield code="0">0</subfield>
    <subfield code="1">0</subfield>
    <subfield code="4">0</subfield>
    <subfield code="7">0</subfield>
    <subfield code="a">ATENEOM</subfield>
    <subfield code="b">ATENEOM</subfield>
    <subfield code="c">DEPO2</subfield>
    <subfield code="d">2008-01-17</subfield>
    <subfield code="e">SC</subfield>
    <subfield code="l">0</subfield>
    <subfield code="o">C-26817</subfield>
    <subfield code="p">1054118</subfield>
    <subfield code="r">2023-02-23 00:00:00</subfield>
    <subfield code="w">2023-02-23</subfield>
    <subfield code="y">MONOGRAFIA</subfield>
  </datafield>
</record>
